00706nam a2200181Ia 4500008004000000020001800040082001300058100001600071245003500087250000500122260005600127300001500183650011900198690002300317906001000340999001900350952015500369210210b2004 xxu||||| |||| 00| 0 eng d a0 07 058539 3 a332 KHAI aKHAN (M Y). aIndian financial system. Ed.4. a aN DbTata McGraw-Hill Publishing Company Ltd.c2004 axvii,18.75 aFinancial Markets Financial Regulations Sebi Listing Primary Market Secondary Market Money Market Risk Managemen aFinancial Economic a06083 c107662d107662 001040708EconomicsaALbALcEconomicsd2021-02-17eSchool Book Company, Mangaloreg335.00l0o332 KHAIp060831r2021-02-17 00:00:00w2021-02-17yBK